000 00713nam a2200265Ia 4500
003 OSt
005 20220925213105.0
006 a|||||r|||| 00| 0
007 ta
008 220923b |||||||| |||| 00| 0 eng d
020 _a0631203613
037 _cGeneral Book
040 _aRTL
_cRTL
_beng
041 _2eng
_aeng
082 _aY73(P6).73.N9, N9
100 _aJames Joy Ed.
_9146911
245 0 _aAngela Y.Davis reader
260 _aLondon
_bBlackwell Publishers
_c1998
300 _avi,370p
_ccm.
490 _aBlackwell Readers
500 _aAppendix p329-346
650 _aNegroes
942 _hY73(P6).73.N9, N9
_cGB
_2CC
999 _c561968
_d561968